The complete actors' television credits, 1948-1988 /

Saved in:
Bibliographic Details
Main Author: Parish, James Robert.
Other Authors: Terrace, Vincent, 1948-
Format: Book
Language:English
Published: Metuchen, N.J. : Scarecrow Press, 1989-1990.
Edition:2nd ed.
Subjects:
Tags: Add Tag
No Tags, Be the first to tag this record!
LEADER 01099cam a2200313 a 4500
001 002000378-1
005 20020606093309.7
008 890705m19891990njua 00110 eng
010 |a  89010607 //r90 
020 |a 0810822040 (v. 1 : alk. paper) 
020 |a 081082258X (v. 2 : alk. paper) 
035 0 |a ocm20056816 
040 |a DLC  |c DLC  |d HLS 
043 |a n-us--- 
050 0 0 |a PN1992.4.A2  |b P3 1989 
082 0 0 |a 791.45/028/0922  |2 20 
100 1 |a Parish, James Robert. 
245 1 4 |a The complete actors' television credits, 1948-1988 /  |c by James Robert Parish and Vincent Terrace. 
250 |a 2nd ed. 
260 0 |a Metuchen, N.J. :  |b Scarecrow Press,  |c 1989-1990. 
300 |a 2 v. :  |b ill. ;  |c 29 cm. 
500 |a Rev. ed. of: Actors' television credits, 1950-1972. 
505 0 |a v. 1. Actors -- v. 2. Actresses. 
650 0 |a Television actors and actresses  |z United States  |x Credits. 
650 0 |a Television programs  |z United States. 
700 1 |a Terrace, Vincent,  |d 1948- 
700 1 |a Parish, James Robert.  |t Actors' television credits, 1950-1972. 
988 |a 20020608 
906 |0 DLC